| 000 | 00951cam a22002775a 4500 | ||
|---|---|---|---|
| 001 | 17567191 | ||
| 005 | 20151031095513.0 | ||
| 008 | 121218t2013 nyua frbf 001 0 eng d | ||
| 020 | _a9780071799249 (alk. paper) | ||
| 020 | _a0071799249 | ||
| 040 |
_aDLC _beng _cDLC _dDLC _dEG-ScBUE _dEG-ScBUE |
||
| 082 | 0 | 4 |
_a658.562 _bPYZ _222 |
| 100 | 1 |
_aPyzdek, Thomas. _938615 |
|
| 245 | 1 | 4 |
_aThe handbook for quality management : _ba complete guide to operational excellence / _cThomas Pyzdek, Paul Keller. |
| 250 | _a2nd ed. | ||
| 260 |
_aNew York : _bMcgraw-Hill Companies, _cc.2013. |
||
| 300 |
_axii, 484 p. : _bill. ; _c24 cm. |
||
| 500 | _aIndex : p. 465-484. | ||
| 504 | _abibliography : p. 457-463. | ||
| 650 | 0 |
_aQuality control _vHandbooks, manuals, etc. _2BUEsh |
|
| 650 | 0 |
_aManagement _vHandbooks, manuals, etc. _2BUEsh |
|
| 651 | _2BUEsh | ||
| 653 |
_bBUSADM _cJune2015 _cOctober2015 |
||
| 700 | 1 | _aKeller, Paul. | |
| 942 |
_2ddc _k658.562 PYZ |
||
| 999 |
_c19994 _d19966 |
||